000 00491nam a2200193Ia 4500
005 20250508163356.0
008 008 250505s9999 xx 000 0 eng d
037 _aTextual
040 _aFEDL
_beng
_cFEDL
041 _aeng
_2eng
084 _a370.983, SCH
_qFEDL
100 _aSchiefelbein Ernesto
245 0 _aEight years of their livies
260 _c1982
300 _a207p.
650 _aEducation
942 _cTEXL
_h370.983, SCH
999 _c1382654
_d1382654